000 01079cad a22002655a 4500
001 L155795
008 120417e20120217xxkd f s 000 0 eng d
035 _a(Sirsi) u155795
041 0 _aeng
110 2 _aRoyal Institution of Chartered Surveyors
_bEconomics
_95033
245 0 0 _aRICS global real estate weekly
_b9 March 2012
_h[electronic resource]
260 _aLondon
_bRICS
_c2012
490 0 _aRICS Global Real Estate Weekly
_v9 March 2012
520 _aWeaker German housing market ahead. US commercial property attracting capital inflows. Australian mortgage approvals picking up modestly. Real estate activity looks to soften in Singapore as the economy slows.
590 _aKA
650 2 4 _aRICS GLOBAL REAL ESTATE WEEKLY
651 4 _aSingapore
651 4 _aGermany
651 4 _aAustralia
651 4 _aUnited States
690 _aResidential property
_96266
690 _aCommercial property
_96227
856 4 0 _uhttps://www.rics.org/site/download_feed.aspx?fileID=11588&fileExtension=PDF
_zView the report free of charge at www.rics.org
942 _n0
999 _c113830
_d113830